000 00492nam a22001937a 4500
003 OSt
005 20180928151248.0
008 180928b xxu||||| |||| 00| 0 eng d
020 _a1582120048
040 _cDNLM
082 _aQV737 H71m 2007
100 _aHoldford, David A.
_912683
245 _aMarketing for Pharmacists
260 _aWashington; Alpha, 2003
300 _axi,298p; ill: 24cm
504 _aReferences, & index included
650 _aPharmacy
_912684
942 _2z
_cSLOAN
999 _c6136
_d6136